Statistics for Every Dave "Baby" Cortez song that hit the Billboard hot 100

Click here to take the quiz!

General Stats

  • This quiz has been taken 2 times
  • The average score is 3 of 7

Answer Stats

Peak Chart PositionYearSong% Correct
11959The Happy Organ
100%
961962Fiesta
50%
671962Happy Weekend
50%
611959The Whistling Organ
50%
911966Count Down
0%
911963Hot Cakes! 1st Serving
0%
761963Organ Shout
0%

Score Distribution

Percentile by Number Answered

Percent of People with Each Score

Your Score History

You have not taken this quiz